| 000 | 00783nam a2200193Ia 4500 | ||
|---|---|---|---|
| 008 | 151121s9999||||xx |||||||||||||| ||und|| | ||
| 082 | _a780।5/गर्ग | ||
| 082 | _bHNW-58504 | ||
| 100 | _aगर्ग लक्ष्मीनारायण-संपा। | ||
| 245 | _aसंगीत अभ्यास अंक | ||
| 260 | _b"संगीत कार्यालय, हाथरस,उत्तरप्रदेश" | ||
| 260 | _c-- | ||
| 300 | _a190 | ||
| 600 | _aगर्ग लक्ष्मीनारायण-संपा। | ||
| 630 | _aसंगीत अभ्यास अंक | ||
| 700 | _aगर्ग लक्ष्मीनारायण-संपा। | ||
| 730 | _aसंगीत अभ्यास अंक | ||
| 942 | _cBOOK | ||
| 999 |
_c1240326 _d1240323 |
||